000 01015nam a2200301 i 4500
003 EG-ScBUE
005 20250525123916.0
008 200219s1976 mauao f b 001 0 eng d
020 _a0201028352
040 _aEG-ScBUE
_beng
_erda
_cEG-ScBUE
_dEG-ScBUE
082 0 4 _a535
_bHEC
_222
100 1 _aHecht, Eugene,
_eauthor.
245 1 0 _aOptics /
_cEugene Hecht, Alfred Zając, Adelphi University.
250 _aThird printing.
264 1 _aReading, Massachusetts :
_bAddison-Wesley Publishing Company,
_c1976.
300 _aviii, 565 pages :
_billustrations, photos, tables ;
_c24 cm.
336 _atext
_btxt
_2rdacontent
337 _aunmediated
_bn
_2rdamedia
338 _avolume
_bnc
_2rdacarrier
490 0 _aAddison-Wesley series in physics
500 _aIncludes Appendices.
504 _aIncludes bibliographical references and index.
650 7 _aOptics.
_2BUEsh
653 _bENGGEN
_cSeptember2020
655 _vReading book
700 1 _aZając, Alfred,
_eauthor.
_938825
942 _2ddc
_cBB
999 _c28858
_d28829